000 01554nam a2200373Ia 4500
001 ebr10415872
003 CaPaEBR
006 m u
007 cr cn|||||||||
008 091123s2010 nyu sb 001 0 eng d
010 _z 2009048032
020 _z9780826439680 (hardcover)
040 _aCaPaEBR
_cCaPaEBR
035 _a(OCoLC)671530865
050 1 4 _aPR868.W47
_bR33 2010eb
082 0 4 _a823/.8099427
_222
100 1 _aRadford, Andrew D.,
_d1972-
245 1 0 _aMapping the Wessex novel
_h[electronic resource] :
_blandscape, history and the parochial in British literature, 1870-1940 /
_cAndrew Radford.
260 _aNew York :
_bContinuum International Pub. Group,
_c2010.
300 _a182 p.
490 1 _aContinuum literary studies
504 _aIncludes bibliographical references and index.
533 _aElectronic reproduction.
_bPalo Alto, Calif. :
_cebrary,
_d2011.
_nAvailable via World Wide Web.
_nAccess may be limited to ebrary affiliated libraries.
650 0 _aEnglish fiction
_y19th century
_xHistory and criticism.
650 0 _aEnglish fiction
_y20th century
_xHistory and criticism.
650 0 _aLandscapes in literature.
650 0 _aLocal history in literature.
650 0 _aRegionalism in literature.
651 0 _aWessex (England)
_xIn literature.
655 7 _aElectronic books.
_2local
710 2 _aebrary, Inc.
830 0 _aContinuum literary studies.
856 4 0 _uhttp://site.ebrary.com/lib/rucke/Doc?id=10415872
_zAn electronic book accessible through the World Wide Web; click to view
999 _c188506
_d188506